000 00472nam a2200169Ia 4500
005 20250423101112.0
008 250422s9999 xx 000 0 und d
020 _a8180617556
050 _aRE 451 .T226/
245 0 _aTechniques of cataract surgery
260 _aNew Delhi
260 _bJaypee Brothers Madical Publishers
260 _c2007
300 _a414 p
650 _aKatarakt_Cerrahi Cataract_Surgery Katarakt Ekstrasyonu Cataract Extraction
942 _cBK
999 _c35289
_d35289